000 00407pab a2200157 454500
008 180718b2011 xxu||||| |||| 00| 0 eng d
100 _aHegde, Sasheej
245 _aWhere politics and morals meet: Keeping faith with human rights (Review article)
260 _c2011
300 _ap.55-82.
362 _aSep-Oct
650 _aHuman rights
773 _aSocial Scientist
908 _aN
909 _a93560
999 _c93560
_d93560